000 00640nam a2200229 a 4500
005 20210219152854.0
008 991125n 000 0 u
035 _aUPN01000064525
100 1 _aHusen, Torsten,
_d1916-
222 _aINTERCHANGE
245 _aThe applicability of democratic principles and the mission of the university
300 _a11-18
362 0 _a23, No. 1-2, 1992
505 0 _aFebrero 1993
653 0 _aLIBERTAD ACADEMICA
653 0 _aLIBERTAD DE PALABRA
653 0 _aMISION INSTITUCIONAL
653 0 _aUNIVERSIDADES
653 0 _aVALORES DEMOCRATICOS
904 _aAC
_b002336
905 _aArticulo
999 _c62584
_d62584